|
|
|
|
| LEADER |
00000naa a2200000uu 4500 |
| 001 |
vtls010961128 |
| 003 |
SK-MaSNL |
| 005 |
20260302121010.0 |
| 008 |
210908|1998 xo |||||||||||||||||eng| |
| 015 |
|
|
|a SNBRA
|
| 035 |
|
|
|a (urnnbn)urn:nbn:sk:snk:ar-a0brvl
|
| 035 |
|
|
|a (uuid)0260726e-e768-4ce7-a860-b6b4c23daf9b
|
| 035 |
|
|
|a urn:nbn:sk:snk-aaujjg
|
| 040 |
|
|
|a SNKBUCL
|b slo
|c SNKBUCL
|e AACR2
|
| 041 |
0 |
|
|a eng
|
| 044 |
|
|
|a xo
|c SK
|
| 100 |
1 |
|
|a Banaj, Ð.
|4 aut
|9 802351
|
| 245 |
1 |
0 |
|a EFFICIENCY OF PLOUGH AND DISK HARROW AT WINTER WHEAT STUBBLE FIELD TILLAGE
|c Ð. Banaj, D. Brkić, R. Emert, R. Zimmer, T. Jurić
|
| 700 |
1 |
|
|a Brkić, D.
|4 aut
|9 802352
|
| 700 |
1 |
|
|a Emert, R.
|4 aut
|9 802353
|
| 700 |
1 |
|
|a Zimmer, R.
|4 aut
|9 649698
|
| 700 |
1 |
|
|a Jurić, T.
|4 aut
|9 802354
|
| 773 |
0 |
|
|t Short communications
|d Nitra : Slovenská poľnohospodárska univerzita, 1998, 1998
|g S. 47-48
|z 8071375004
|
| 958 |
|
|
|a OND
|
| 958 |
|
|
|a article11
|
| 958 |
|
|
|a chapter
|
| 999 |
|
|
|c 1272221
|d 1274151
|